[Event "Let's Play Chess!"]
[Site "http://www.queenalice.com/game.php?id=1863090"]
[Date "2025.9.18"]
[Round "-"]
[White "cdare"]
[Black "bobifixer"]
[Result "1-0"]
[WhiteElo "1935"]
[BlackElo "1837"]

1. e4 c5 2. Nf3 d6 3. Bb5+ Bd7 4. Bxd7+ Nxd7 5. Nc3 Ngf6 6. d3 e6 7. O-O Be7 8.
Bg5 O-O 9. b3 h6 10. Bxf6 Bxf6 11. Qe1 a6 12. Rb1 Qa5 13. Na4 Qxe1 14. Rfxe1 b5
15. Nb2 Bc3 16. Rf1 d5 17. exd5 exd5 18. Nd1 Bf6 19. c3 Rfe8 20. d4 cxd4 21.
Nxd4 Bxd4 22. cxd4 b4 23. Ne3 1-0

[Event "Let's Play Chess!"]
[Site "http://www.queenalice.com/game.php?id=1863091"]
[Date "2025.9.18"]
[Round "-"]
[White "bobifixer"]
[Black "cdare"]
[Result "0-1"]
[WhiteElo "1850"]
[BlackElo "1922"]

1. d4 Nf6 2. c4 e6 3. Bg5 Be7 4. Nf3 Ne4 5. Bxe7 Qxe7 6. a3 d5 7. cxd5 exd5 8.
g3 Nc6 9. Bg2 O-O 10. O-O Bg4 11. Nbd2 Nxd2 12. Qxd2 f5 13. e3 Qf7 14. Rac1 Qh5
15. Ne5 Nxe5 16. dxe5 c6 17. b4 a6 18. Qd4 Bf3 19. Bxf3 Qxf3 20. Qf4 Qe4 21.
Qxe4 fxe4 22. Kg2 Rae8 0-1

[Event "Challenge"]
[Site "http://www.queenalice.com/game.php?id=1863812"]
[Date "2025.10.4"]
[Round "-"]
[White "cdare"]
[Black "kaktusIII"]
[Result "0-1"]
[WhiteElo "1946"]
[BlackElo "1750"]

1. e4 e5 2. Nf3 d5 3. Nxe5 Bd6 4. Nxf7 Kxf7 5. Qh5+ g6 6. Qxd5+ Kg7 7. Bc4 Qe7
8. Nc3 Nf6 9. Qd3 Be6 10. O-O Bxh2+ 11. Kxh2 Nc6 12. Bxe6 Qxe6 13. Qh3 Ng4+ 14.
Kg1 Nd4 15. Qd3 Rad8 16. Qh3 h5 17. f3 Qb6 18. Kh1 Nxc2 19. Nd5 Nf2+ 20. Kh2
Qd6+ 21. Qg3 Ng4+ 22. fxg4 hxg4+ 0-1

[Event "Let's Play Chess!"]
[Site "http://www.queenalice.com/game.php?id=1863813"]
[Date "2025.10.4"]
[Round "-"]
[White "cdare"]
[Black "josebaron"]
[Result "0-1"]
[WhiteElo "1902"]
[BlackElo "2183"]

1. e4 e5 2. Nf3 Nc6 3. Nc3 Bc5 4. Bb5 d6 5. h3 Nf6 6. d3 O-O 7. O-O Nd4 8. Nxd4
Bxd4 9. Ne2 c6 10. Nxd4 exd4 11. Ba4 b5 12. Bb3 Be6 13. Bg5 Bxb3 14. axb3 b4 15.
Qf3 c5 16. Bxf6 Qxf6 17. Qxf6 gxf6 18. f4 a5 19. f5 Kh8 20. Rf4 Rg8 21. Raf1 a4
22. Rh4 axb3 23. cxb3 Ra2 24. Rf2 Rg3 25. Kh2 Rxd3 26. Rhf4 Rxb3 27. Rg4 Rbxb2
28. Rf3 Ra3 29. Rfg3 Rxg3 30. Rxg3 c4 31. Rf3 d3 0-1

[Event "Let's Play Chess!"]
[Site "http://www.queenalice.com/game.php?id=1863814"]
[Date "2025.10.4"]
[Round "-"]
[White "Capixaba789"]
[Black "cdare"]
[Result "0-1"]
[WhiteElo "1980"]
[BlackElo "1947"]

1. d4 Nf6 2. Nc3 d5 3. f4 Nc6 4. e3 Bg4 5. Nf3 a6 6. Bd3 e6 7. O-O Bb4 8. Bd2
O-O 9. Qe1 b5 10. Qg3 Bxf3 11. Rxf3 Bxc3 12. Bxc3 Qe7 13. Raf1 Ne4 14. Qe1 Nxc3
15. Qxc3 Na7 16. Rh3 f5 17. Qe1 c5 18. dxc5 Qxc5 19. b4 Qe7 20. Qa1 Nc6 21. a3
Qa7 22. Kh1 Qf7 23. Rff3 g6 24. Rhg3 Qg7 25. Qf1 Qb2 26. Qe1 Qxa3 27. e4 Qxb4
28. Qxb4 Nxb4 29. e5 Nxd3 30. Rxd3 b4 0-1

[Event "Let's Play Chess!"]
[Site "http://www.queenalice.com/game.php?id=1864088"]
[Date "2025.10.11"]
[Round "-"]
[White "Copelipon"]
[Black "cdare"]
[Result "1-0"]
[WhiteElo "1880"]
[BlackElo "1949"]

1. c3 e5 2. d4 e4 3. Bf4 d5 4. f3 exf3 5. Nxf3 Nf6 6. Nbd2 Nc6 7. Qc2 Be7 8.
O-O-O O-O 9. Ng5 h6 10. Nh3 Be6 11. g3 Bd6 12. Nf2 Bxf4 13. gxf4 Qc8 14. e4 dxe4
15. Ndxe4 Bf5 16. Bd3 Nxe4 17. Nxe4 Ne7 18. Rhg1 Nd5 19. Nf6+ Nxf6 20. Bxf5 Qd8
21. Qg2 Nh5 22. Rde1 Qh4 23. Re4 Kh8 24. Bh3 Rg8 25. f5 Nf4 26. Qf3 Qxh3 27.
Qxf4 c6 28. Rg4 f6 29. Rh4 Qg2 30. Rxh6+ gxh6 31. Qxh6# 1-0

[Event "Challenge"]
[Site "http://www.queenalice.com/game.php?id=1864371"]
[Date "2025.10.16"]
[Round "-"]
[White "Mikalus"]
[Black "cdare"]
[Result "1-0"]
[WhiteElo "1918"]
[BlackElo "1897"]

1. e4 d5 2. exd5 Nf6 3. c4 c6 4. dxc6 Nxc6 5. Nf3 e5 6. d3 h6 7. Nc3 Bb4 8. Bd2
O-O 9. a3 Bxc3 10. Bxc3 Bg4 11. Be2 Rb8 12. O-O Bxf3 13. Bxf3 Nd4 14. Bxd4 Qxd4
15. Qe2 b6 16. b4 Nh7 17. Rac1 f6 18. c5 bxc5 19. Rxc5 Ng5 20. Rc4 Qd8 21. Bh5
Rc8 22. Rfc1 Rxc4 23. Rxc4 Ne6 24. g3 Nd4 25. Qd1 a5 26. Bg6 axb4 27. Rxb4 Qa8
28. a4 Rd8 29. Qa1 Nc2 30. Qa2+ Qd5 31. Qxd5+ Rxd5 32. Rb8+ 1-0

[Event "Let's Play Chess!"]
[Site "http://www.queenalice.com/game.php?id=1865571"]
[Date "2025.11.14"]
[Round "-"]
[White "cdare"]
[Black "alow_proton"]
[Result "0-1"]
[WhiteElo "1910"]
[BlackElo "2123"]

1. e4 c5 2. Nf3 d6 3. Bb5+ Bd7 4. Bxd7+ Nxd7 5. Nc3 Ngf6 6. d3 e6 7. O-O Be7 8.
Bg5 O-O 9. b3 Ne8 10. Bxe7 Qxe7 11. Ne2 f5 12. Qd2 Nef6 13. exf5 exf5 14. Ng3
Nd5 15. Rae1 Qf6 16. Qg5 h6 17. Qxf6 Rxf6 18. a3 Kf7 19. Nh5 Rg6 20. Nh4 Rg5 21.
Ng3 g6 22. h3 f4 23. Ne2 Ne5 24. Kh2 Rh5 25. Nf3 Nxf3+ 0-1

[Event "Let's Play Chess!"]
[Site "http://www.queenalice.com/game.php?id=1865572"]
[Date "2025.11.14"]
[Round "-"]
[White "alow_proton"]
[Black "cdare"]
[Result "1-0"]
[WhiteElo "2117"]
[BlackElo "1918"]

1. e4 e5 2. f4 Nc6 3. Nf3 d6 4. Bc4 Bg4 5. c3 Nf6 6. d3 Be7 7. f5 h6 8. h3 Bxf3
9. Qxf3 O-O 10. b4 a6 11. Be3 b5 12. Bb3 Nh7 13. O-O Bg5 14. Bd5 Bxe3+ 15. Qxe3
Qd7 16. Nd2 Nf6 17. Bb3 Kh8 18. a4 Na7 19. c4 c6 20. Ra2 Qb7 21. Rb2 Rad8 22.
cxb5 cxb5 23. Bc2 Rc8 24. a5 Nc6 25. Rc1 1-0

[Event "Challenge"]
[Site "http://www.queenalice.com/game.php?id=1865837"]
[Date "2025.11.19"]
[Round "-"]
[White "Taurus"]
[Black "cdare"]
[Result "1-0"]
[WhiteElo "2219"]
[BlackElo "1941"]

1. e4 d5 2. exd5 Nf6 3. c4 c6 4. dxc6 Nxc6 5. Nf3 e5 6. d3 h6 7. a3 Bd6 8. Nc3
O-O 9. g3 Bg4 10. Bg2 Rb8 11. Ne2 Qc8 12. O-O Bxf3 13. Bxf3 Bc5 14. b4 Bd4 15.
Nxd4 Nxd4 16. Bg2 a6 17. Bb2 Qd7 18. Re1 Rfe8 19. a4 Qg4 20. Qxg4 Nxg4 21. Bxd4
exd4 22. Rxe8+ Rxe8 23. h3 Ne5 24. Rd1 b6 25. Kf1 Kf8 26. f4 Ng6 27. Bb7 a5 28.
bxa5 bxa5 29. c5 Ne7 30. c6 Rb8 31. Re1 Nd5 32. Re5 Ne7 33. c7 Rxb7 34. Rxe7 1-0

[Event "Let's Play Chess!"]
[Site "http://www.queenalice.com/game.php?id=1866026"]
[Date "2025.11.22"]
[Round "-"]
[White "cdare"]
[Black "alow_proton"]
[Result "0-1"]
[WhiteElo "1927"]
[BlackElo "2110"]

1. e4 c5 2. Nf3 d6 3. Bb5+ Bd7 4. Bxd7+ Nxd7 5. Nc3 Ngf6 6. d3 e6 7. O-O Be7 8.
Bg5 a6 9. a3 O-O 10. Ne2 Ne8 11. Bxe7 Qxe7 12. c4 f5 13. exf5 Rxf5 14. Ng3 Rf8
15. d4 Rc8 16. b3 b5 17. Qd2 cxd4 18. Nxd4 bxc4 19. bxc4 Rxc4 20. Qd3 Rc8 21.
Rae1 Nc5 0-1

[Event "Let's Play Chess!"]
[Site "http://www.queenalice.com/game.php?id=1866027"]
[Date "2025.11.22"]
[Round "-"]
[White "alow_proton"]
[Black "cdare"]
[Result "1-0"]
[WhiteElo "2103"]
[BlackElo "1936"]

1. e4 e5 2. f4 Nc6 3. Nf3 d6 4. Bb5 Bd7 5. d3 h6 6. O-O Nf6 7. Bxc6 Bxc6 8. Nc3
Be7 9. fxe5 dxe5 10. Qe2 O-O 11. a3 a6 12. Kh1 b5 13. Nxe5 Bb7 14. Qf2 Qc8 15.
Ne2 Qd8 16. Qg3 Kh7 17. Be3 Bd6 18. Bd4 Qe7 19. Qf4 Rae8 20. Qf5+ Kh8 21. b4 1-0

[Event "Challenge"]
[Site "http://www.queenalice.com/game.php?id=1866762"]
[Date "2025.12.8"]
[Round "-"]
[White "cdare"]
[Black "kaktusIII"]
[Result "1-0"]
[WhiteElo "1894"]
[BlackElo "1762"]

1. e4 e5 2. Nf3 d6 3. h3 a6 4. Bc4 h6 5. Nc3 b5 6. Bb3 Bb7 7. d3 Nf6 8. O-O Nc6
9. Nd5 Nxd5 10. Bxd5 Qd7 11. Be3 O-O-O 12. a3 Ne7 13. Bxb7+ Kxb7 14. b3 1-0

[Event "Let's Play Chess!"]
[Site "http://www.queenalice.com/game.php?id=1866763"]
[Date "2025.12.8"]
[Round "-"]
[White "cdare"]
[Black "alow_proton"]
[Result "0-1"]
[WhiteElo "1946"]
[BlackElo "2094"]

1. e4 c5 2. Nf3 d6 3. Bb5+ Bd7 4. Bxd7+ Nxd7 5. Nc3 Ngf6 6. d3 e6 7. O-O Be7 8.
Bg5 O-O 9. a3 Ne8 10. Bxe7 Qxe7 11. b4 a6 12. Ne2 b5 13. c3 Nb6 14. Ng3 d5 15.
exd5 exd5 16. Re1 Qc7 0-1

[Event "Let's Play Chess!"]
[Site "http://www.queenalice.com/game.php?id=1866764"]
[Date "2025.12.8"]
[Round "-"]
[White "alow_proton"]
[Black "cdare"]
[Result "1-0"]
[WhiteElo "2083"]
[BlackElo "1957"]

1. e4 d5 2. exd5 Nf6 3. c4 c6 4. dxc6 Nxc6 5. Nc3 e5 6. d3 h6 7. Nf3 Bd6 8. Be2
O-O 9. O-O Bg4 10. a3 Rb8 11. b4 Bxf3 12. Bxf3 Nd4 13. Nb5 Nxb5 14. cxb5 b6 15.
Bb2 Nh7 16. Bc6 1-0

[Event "Challenge"]
[Site "http://www.queenalice.com/game.php?id=1867070"]
[Date "2025.12.15"]
[Round "-"]
[White "Capixaba789"]
[Black "cdare"]
[Result "0-1"]
[WhiteElo "1838"]
[BlackElo "1902"]

1. d4 Nf6 2. Nc3 e6 3. e4 Bb4 4. Bd2 Bxc3 5. Bxc3 Nxe4 6. Nf3 Nxc3 7. bxc3 d5 8.
Bd3 Nc6 9. O-O O-O 10. h4 b6 11. Ng5 h6 12. Nf3 Qf6 13. Qe1 a5 14. Ne5 Nxe5 15.
dxe5 Qxh4 16. Qe3 c5 17. f4 Bb7 18. a4 Bc6 19. Qf3 Rac8 20. Qf2 Qxf2+ 21. Rxf2
d4 22. cxd4 cxd4 23. Rb1 Rb8 24. Bb5 Bxb5 25. axb5 Rfd8 0-1

[Event "Challenge"]
[Site "http://www.queenalice.com/game.php?id=1867350"]
[Date "2025.12.24"]
[Round "-"]
[White "Jeff_Of_Love"]
[Black "cdare"]
[Result "0-1"]
[WhiteElo "1828"]
[BlackElo "1925"]

1. e4 d5 2. Nc3 dxe4 3. Nxe4 Nc6 4. c3 e5 5. d3 h6 6. Nf3 f6 7. Be2 Bd6 8. O-O
Bg4 9. b4 a6 10. Ba3 b5 0-1

[Event "Challenge"]
[Site "http://www.queenalice.com/game.php?id=1868396"]
[Date "2026.1.25"]
[Round "-"]
[White "cdare"]
[Black "Mikalus"]
[Result "0-1"]
[WhiteElo "1957"]
[BlackElo "1946"]

1. e4 c5 2. Nf3 Nc6 3. Nc3 e6 4. Bb5 a6 5. Bxc6 bxc6 6. d3 d5 7. e5 Be7 8. Bd2
f6 9. O-O Bd7 10. a3 fxe5 11. Nxe5 Nf6 12. Nxd7 Qxd7 13. Na4 Qc7 14. b3 O-O 15.
Be3 d4 16. Bd2 e5 17. Qe1 a5 18. Bg5 Nd5 19. Bxe7 Qxe7 20. Qe4 Rf6 21. Rae1 Re6
22. Qg4 Nf6 23. Qh4 Re8 24. f3 Qd6 25. Nb6 Qc7 26. Na4 Nd5 27. Nxc5 Rh6 28. Qf2
e4 29. Qxd4 e3 30. Ne4 Qxh2# 0-1

[Event "Challenge"]
[Site "http://www.queenalice.com/game.php?id=1870584"]
[Date "2026.3.14"]
[Round "-"]
[White "cdare"]
[Black "FLeicher"]
[Result "1-0"]
[WhiteElo "1930"]
[BlackElo "2203"]

1. e4 e5 2. Nf3 Nc6 3. Nc3 Nf6 4. Bc4 Nxe4 5. Nxe4 d5 6. Bxd5 Qxd5 7. Nc3 Qd6 8.
d3 Bg4 9. O-O Nd4 10. Ne4 Qb6 11. Ned2 O-O-O 12. b3 e4 13. Nxe4 Nxf3+ 14. gxf3
Bd7 15. Be3 Qg6+ 16. Ng3 Kb8 17. d4 Bh3 18. Re1 Bb4 19. Re2 Qf6 20. f4 Qc6 21.
f3 Qxf3 22. Qc1 Bc3 23. Rf2 Qd5 24. Rb1 Rhe8 25. Ne2 Rxe3 26. Qxe3 1-0